000 00336 a2200133 4500
003 OSt
005 20180116182708.0
008 160817b xxu||||| |||| 00| 0 eng d
040 _c0
100 _aAhmed Shuja Pasha
245 _aPakistan A Political Profile
260 _aSang-E-Mell Pakistan
_c1995
942 _aNBS
_cBK
_k954.91 PAS
_2ddc
999 _c344254
_d344254